Loading...
| Mythology | 0 | 2 | 0 | 0 | 20 | 109 | 116.00 | 1 | 2 | 0.00 | 0.00 |
| Science - Physics | 0 | 2 | 0 | 0 | 20 | 76 | 95.00 | 0 | 1 | 0.00 | 0.00 |
| History - American | 0 | 2 | 0 | 1 | 20 | 107 | 112.00 | 0 | 1 | 0.00 | 0.00 |
| Literature - World | 0 | 1 | 0 | 0 | 10 | 92 | 92.00 | 1 | 1 | 0.00 | 0.00 |
| Literature - European | 0 | 1 | 0 | 0 | 10 | 54 | 54.00 | 1 | 1 | 0.00 | 0.00 |
| History - Other | 0 | 1 | 0 | 0 | 10 | 93 | 93.00 | 0 | 1 | 0.00 | 0.00 |
| Current Events | 0 | 1 | 0 | 0 | 10 | 64 | 64.00 | 0 | 1 | 0.00 | 0.00 |
| History - World | 0 | 1 | 1 | 1 | 5 | 149 | 149.00 | 0 | 0 | 0.00 | 0.00 |
| History - European | 0 | 1 | 1 | 0 | 5 | 92 | 92.00 | 0 | 0 | 0.00 | 0.00 |
| Religion | 0 | 0 | 0 | 0 | 0 | 0.00 | 0 | 0 | 0.00 | 0.00 | |
| Science - Other | 0 | 0 | 1 | 0 | -5 | 0.00 | 0 | 0 | 0.00 | 0.00 |